000 00330nam a2200145Ia 4500
008 230718s9999 xx 000 0 und d
041 _aEng.
082 _a320.4
_bASL-A
100 _aAslang Kaneez
245 2 _aA New Anthology of
260 _aPakistan
_bCasuan took hou
_c1993
300 _a96
650 _aLaw
999 _c26410
_d26410